Anglais Verbe irrégulier Français -> Anglais (aléatoire) - Statistiques

Statistiques générales
  • Ce quiz a été pris 137 fois
  • Le résultat moyen est 8 sur 20
Statistiques - réponses
Hint Réponse % Correct
devenir become became become
100%
commencer begin began begun
100%
être be was,were been
100%
construire build built built
100%
acheter buy bought bought
100%
choisir choose chose chosen
100%
couper cut cut cut
100%
faire do did done
100%
dessiner, tirer draw drew drawn
100%
rêver dream dreamt,dreamed dreamt,dreamed
100%
conduire drive drove driven
100%
habiter dwell dwelt dwelt,dwelled
100%
manger eat ate eaten
100%
trouver find found found
100%
oublier forget forgot forgotten,forgot
100%
donner give gave given
100%
aller go went gone
100%
tenir, pendre hang hung hung
100%
laisser, quitter, partir leave left left
100%
rencontrer meet met met
100%
surmonter overcome overcame overcome
100%
mettre put put put
100%
quitter quit quit quit
100%
voir see saw seen
100%
envoyer send sent sent
100%
parler speak spoke spoken
100%
écrire write wrote written
100%
casser break broke broken
88%
coûter cost cost cost
83%
lire read read read
83%
boire drink drank drunk
80%
se battre fight fought fought
80%
cacher hide hid hidden
80%
garder keep kept kept
80%
courir run ran run
80%
brûler burn burnt,burned burnt,burned
75%
venir come came come
75%
connaître, savoir know knew known
75%
apprendre learn learnt learnt
75%
dépenser, passer du temps spend spent spent
75%
tomber fall fell fallen
67%
geler freeze froze frozen
67%
grandir, pousser grow grew grown
67%
monter (vélo,cheval) ride rode ridden
67%
chanter sing sang sung
67%
penser think thought thought
67%
avoir have had had
60%
se réveiller awake awoke awoken
50%
plier, se courber bend bent bent
50%
parier bet bet bet
50%
attraper catch caught caught
50%
obtenir get got gotten,got
50%
entendre hear heard heard
50%
blesser hurt hurt hurt
50%
mener, guider lead led led
50%
allumer light lit,lighted lit,lighted
50%
fabriquer make made made
50%
payer pay paid paid
50%
prouver prove proved proven,proved
50%
sonner, téléphoner ring rang rung
50%
dire say said said
50%
couler sink sank,sunk sunk,sunken
50%
puer stink stank stunk
50%
jurer swear swore sworn
50%
nager swim swam swum
50%
comprendre understand understood understood
50%
porter (avoir sur soi) wear wore worn
50%
mordre bite bit bitten
40%
dormir sleep slept slept
40%
apporter bring brought brought
33%
nourrir feed fed fed
33%
se sentir, ressentir feel felt felt
33%
tenir hold held held
33%
signifier mean meant meant
33%
vendre sell sold sold
33%
s'asseoir sit sat sat
33%
surgir, jaillir, bondir spring sprang sprung
33%
jeter throw threw thrown
33%
enrouler, remonter wind wound wound
33%
voler fly flew flown
25%
sauter, bondir leap leapt,leaped leapt,leaped
25%
tirer, fusiller shoot shot shot
25%
sentir smell smelt smelt
25%
coller stick stuck stuck
25%
composer typeset typeset typeset
25%
aller vite speed sped sped
20%
battre beat beat beaten
17%
réveiller wake woke woken
17%
respecter, se conformer à abide abode abode
0%
survenir arise arose arisen
0%
porter, supporter, naître bear bore borne,born
0%
engendrer beget begat,begot begotten
0%
offrir bid bid,bade bid,bidden
0%
saigner bleed bled bled
0%
souffler, gonfler blow blew blown
0%
élever (des animaux) breed bred bred
0%
diffuser, émettre broadcast broadcast broadcast
0%
éclater burst burst burst
0%
pouvoir can could could
0%
jeter, distribuer (rôles) cast cast cast
0%
gronder chide chid,chode chid,chidden
0%
s'accrocher cling clung clung
0%
habiller, recouvrir clothe clad,clothed clad,clothed
0%
ramper creep crept crept
0%
distribuer deal dealt dealt
0%
creuser dig dug dug
0%
plonger dive dived dived,dove
0%
s'enfuir flee fled fled
0%
lancer fling flung flung
0%
interdire forbid forbade forbidden
0%
prévoir forecast forecast forecast
0%
prévoir, préssentir foresee foresaw foreseen
0%
pardonner forgive forgave forgiven
0%
abandonner forsake forsook forsaken
0%
moudre, opprimer grind ground ground
0%
taper, appuyer hit hit hit
0%
s'agenouiller kneel knelt,knelled knelt,kneled
0%
poser lay laid laid
0%
s'incliner, se pencher lean leant,leaned leant,leaned
0%
prêter lend lent lent
0%
permettre, louer let let let
0%
s'allonger lie lay lain
0%
perdre lose lost lost
0%
tondre mow mowed mowed,mown
0%
compenser offset offset offset
0%
prendre part à partake partook partaken
0%
supplier, plaider plead pled,pleaded pled,pleaded
0%
programmer preset preset preset
0%
relayer relay relaid relaid
0%
déchirer rend rent rent
0%
débarasser rid rid rid
0%
lever rise rose risen
0%
scier saw saw,sawed sawn,sawed
0%
chercher seek sought sought
0%
fixer set set set
0%
secouer shake shook shaken
0%
répandre, laisser tomber shed shed shed
0%
briller shine shone shone
0%
chausser shoe shod shod
0%
montrer show showed shown
0%
rétrécir, diminuer shrink shrank shrunk
0%
fermer shut shut shut
0%
tuer slay slew slain
0%
glisser slide slid slid
0%
s'en aller furtivement slink slunk,slinked slunk,slinked
0%
fendre slit slit slit
0%
semer sow sowed sown,sowed
0%
épeler, orthographier spell spelt spelt
0%
renverser spill spilt,spilled spilt,spilled
0%
tourner, faire tourner spin spun spun
0%
cracher spit spat,spit spat,spit
0%
fendre split split split
0%
gâcher, gâter spoil spoilt spoilt
0%
répandre spread spread spread
0%
être debout stand stood stood
0%
voler, dérober steal stole stolen
0%
piquer sting stung stung
0%
éparpiller strew strewed strewn,strewed
0%
frapper strike struck stricken,struck
0%
s'efforcer strive strove striven
0%
suer sweat sweat,sweated sweat,sweated
0%
balayer sweep swept swept
0%
gonfler, enfler swell swelled,sweated swollen
0%
se balancer swing swung swung
0%
prendre take took taken
0%
enseigner teach taught taught
0%
déchirer tear tore torn
0%
dire, raconter tell told told
0%
prospérer thrive throve,thrived thriven,thrived
0%
enfoncer thrust thrust thrust
0%
piétiner quelque chose tread trod trodden
0%
subir undergo underwent undergone
0%
pleurer weep wept wept
0%
mouiller wet wet,wetted wet,wetted
0%
gagner win won won
0%
se retirer withdraw withdrew withdrawn
0%
tordre wring wrung wrung
0%
Aucun quiz correspondant
Distribution des résultats
% des personnes avec chaque résultat
Percentile par nombre de réponses
Votre historique - résultats
Vous n’avez pas pris ce quiz